Statistiques concernant Les pays qui visitent le plus la Floride

Cliquez ici pour prendre le quiz!

Statistiques générales

  • Ce quiz a été pris 16 336 fois
    (13 386 depuis la dernière actualisation)
  • Le résultat moyen est 8 sur 10

Statistiques - réponses

VisiteursPays% Correct
323 000France
99%
3 510 000Canada
97%
468 000Mexique
97%
1 500 000Royaume-Uni
91%
1 220 000Brésil
90%
288 000Chine
90%
398 000Allemagne
85%
646 000Argentine
80%
596 000Colombie
65%
386 000Venezuela
43%

Distribution des résultats

Percentile par nombre de réponses

% des personnes avec chaque résultat

Votre développement - résultats

Vous n’avez pas pris ce quiz depuis la dernière actualisation